[Event "Barcelona Sant Marti op-A 23rd"]
[Site "Barcelona"]
[Date "2023.07.21"]
[Round "9"]
[White "Guix Torres, David"]
[Black "Parra Ordorica, Arnau"]
[Result "1-0"]
[WhiteElo "1954"]
[BlackElo "1889"]
[PlyCount "33"]
[EventDate "2023.07.13"]
[EventType "swiss"]
[EventRounds "9"]
[EventCountry "ESP"]
[SourceTitle "CBM 215 Extra"]
[Source "ChessBase"]
[SourceDate "2023.09.30"]
[SourceVersion "1"]
[SourceVersionDate "2023.09.30"]
[SourceQuality "1"]

1. e4 e5 2. Nf3 Nc6 3. d4 exd4 4. Bc4 Nf6 5. 0-0 Nxe4 6. Re1 d5 7. Bxd5 Qxd5 8. Nc3 Qd7 9. Rxe4+ Be7 10. Nxd4 Nxd4 11. Rxd4 Qc6 12. Nd5 Be6 13. Nxe7 Kxe7 14. Bg5+ f6 15. Bd2 Rhe8 16. Qh5 Qxc2 17. Bb4+ 1-0

[Event "Barcelona La Lira op 12th"]
[Site "Barcelona"]
[Date "2019.05.09"]
[Round "5"]
[White "Guix Torres, David"]
[Black "Gonzalez Muelas, Javier"]
[Result "1-0"]
[WhiteElo "1972"]
[BlackElo "1608"]
[PlyCount "57"]
[EventDate "2019.04.04"]
[EventType "swiss"]
[EventRounds "9"]
[EventCountry "ESP"]
[SourceTitle "CBM 190 Extra"]
[Source "ChessBase"]
[SourceDate "2019.07.15"]
[SourceVersion "1"]
[SourceVersionDate "2019.07.15"]
[SourceQuality "1"]

1. e4 e6 2. d4 d5 3. Nc3 Nf6 4. Bg5 dxe4 5. Nxe4 Be7 6. Bxf6 Bxf6 7. Nf3 Bd7 8. Bc4 Bc6 9. Qe2 Nd7 10. 0-0-0 Qe7 11. Rhe1 0-0-0 12. Bb5 Bxe4 13. Qxe4 Nb6 14. Bf1 Qd6 15. g3 Qd5 16. Qxd5 Rxd5 17. Bg2 Rf5 18. Re2 Nc4 19. b3 Nd6 20. c4 c6 21. Ne5 Bd8 22. h4 h6 23. Bh3 Rf6 24. a4 Kb8 25. Nd7+ Kc7 26. Nxf6 Bxf6 27. h5 Rd8 28. f4 Nc8 29. d5 1-0

[Event "Barcelona La Lira op 12th"]
[Site "Barcelona"]
[Date "2019.04.25"]
[Round "3"]
[White "Guix Torres, David"]
[Black "Corominas Garrido, Jordi"]
[Result "1/2-1/2"]
[WhiteElo "1972"]
[BlackElo "1750"]
[PlyCount "103"]
[EventDate "2019.04.04"]
[EventType "swiss"]
[EventRounds "9"]
[EventCountry "ESP"]
[SourceTitle "CBM 190 Extra"]
[Source "ChessBase"]
[SourceDate "2019.07.15"]
[SourceVersion "1"]
[SourceVersionDate "2019.07.15"]
[SourceQuality "1"]

1. e4 e6 2. d4 d5 3. Nc3 Nf6 4. e5 Nfd7 5. Nce2 c5 6. f4 Nc6 7. c3 cxd4 8. cxd4 Qb6 9. Nf3 Bb4+ 10. Bd2 0-0 11. Bxb4 Qxb4+ 12. Qd2 Qxd2+ 13. Kxd2 Nb6 14. b3 Bd7 15. Nc3 a6 16. Be2 f6 17. exf6 gxf6 18. a4 Na5 19. Kc2 Rac8 20. Kb2 Rc7 21. Rac1 Rfc8 22. Na2 Rxc1 23. Rxc1 Rxc1 24. Nxc1 Bc8 25. Nd3 Nd7 26. Kc3 Kf7 27. Nb2 Ke7 28. b4 Nc6 29. b5 axb5 30. axb5 Nd8 31. Bd3 h6 32. Nd1 Nf7 33. Ne3 Kd6 34. Bg6 Nh8 35. Bh5 f5 36. Ne5 Nf6 37. Bf3 Ke7 38. Kb4 b6 39. h3 h5 40. g3 Kd6 41. Nd1 Bd7 42. Nc3 Be8 43. Na4 Kc7 44. Nb2 Kd6 45. Nbd3 Kc7 46. Nf2 Kd6 47. Be2 Kc7 48. Kc3 Kd6 49. Kd2 Nf7 50. Ke3 Nh6 51. Nd1 Ne4 52. Kf3 1/2-1/2

[Event "Roncana op-A 12th"]
[Site "Santa Eulalia de Roncana"]
[Date "2018.11.10"]
[Round "6"]
[White "Guix Torres, David"]
[Black "Rojas Keim, Luis Alberto"]
[Result "0-1"]
[WhiteElo "2017"]
[BlackElo "2340"]
[PlyCount "52"]
[EventDate "2018.09.29"]
[EventType "swiss"]
[EventRounds "8"]
[EventCountry "ESP"]
[SourceTitle "CBM 187 Extra"]
[Source "ChessBase"]
[SourceDate "2018.11.04"]
[SourceVersion "1"]
[SourceVersionDate "2018.11.04"]
[SourceQuality "1"]

1. e4 e6 2. d4 d5 3. Nc3 Bb4 4. Nge2 Nc6 5. a3 Ba5 6. b4 Bb6 7. Bb2 Nge7 8. g3 e5 9. dxe5 Nxe5 10. Nf4 Bg4 11. Be2 Bxe2 12. Qxe2 Nc4 13. 0-0-0 Nxb2 14. Kxb2 d4 15. Ncd5 0-0 16. Nxe7+ Qxe7 17. Nd5 Qd6 18. Qc4 Rfd8 19. Rhe1 a5 20. Nxb6 Qxb6 21. Qc5 axb4 22. Qxb4 Qa6 23. Rd3 Rd6 24. Rb3 Rb6 25. Qxd4 Qxa3+ 26. Kc3 Qa5+ 0-1

[Event "Barcelona Sant Marti op-A 20th"]
[Site "Barcelona"]
[Date "2018.07.21"]
[Round "9"]
[White "Samant, Aditya S"]
[Black "Guix Torres, David"]
[Result "1-0"]
[WhiteElo "2191"]
[BlackElo "2059"]
[PlyCount "51"]
[EventDate "2018.07.13"]
[EventType "swiss"]
[EventRounds "9"]
[EventCountry "ESP"]
[SourceTitle "CBM 185 Extra"]
[Source "ChessBase"]
[SourceDate "2018.07.29"]
[SourceVersion "1"]
[SourceVersionDate "2018.07.29"]
[SourceQuality "1"]

1. e4 c5 2. Nf3 Nc6 3. d4 cxd4 4. Nxd4 g6 5. c4 Bg7 6. Be3 d6 7. Nc3 Nf6 8. Be2 Nxd4 9. Bxd4 0-0 10. 0-0 Be6 11. f4 Qa5 12. b3 Rfc8 13. Bf3 Rab8 14. Kh1 Nd7 15. Bxg7 Kxg7 16. Qd4+ Kg8 17. f5 gxf5 18. exf5 Qxf5 19. Nd5 Qg5 20. h4 Qg3 21. Nxe7+ Kf8 22. Nxc8 Rxc8 23. Bxb7 Ne5 24. Bxc8 Ng4 25. Qf4 Qxh4+ 26. Kg1 1-0

[Event "Miquel Mas op-A 18th"]
[Site "Castell de Sant Ferran"]
[Date "2017.08.17"]
[Round "9"]
[White "Guix Torres, David"]
[Black "Renteria Becerra, Jorge Elicer"]
[Result "0-1"]
[WhiteElo "2040"]
[BlackElo "2332"]
[PlyCount "104"]
[EventDate "2017.08.10"]
[EventType "swiss"]
[EventRounds "9"]
[EventCountry "ESP"]
[SourceTitle "CBM 180 Extra"]
[Source "ChessBase"]
[SourceDate "2017.10.06"]
[SourceVersion "1"]
[SourceVersionDate "2017.10.06"]
[SourceQuality "1"]

1. e4 d6 2. d4 Nf6 3. Nc3 e5 4. Nf3 Nbd7 5. Bc4 Be7 6. Ng5 0-0 7. Bxf7+ Rxf7 8. Ne6 Qe8 9. Nxc7 Qd8 10. Nxa8 b5 11. a3 Bb7 12. f3 a6 13. d5 Bxa8 14. Be3 Nh5 15. 0-0 Nb6 16. b3 Bb7 17. Qd2 Nf4 18. Ne2 Nxe2+ 19. Qxe2 Bg5 20. Qd2 Bxe3+ 21. Qxe3 Nd7 22. c4 bxc4 23. b4 a5 24. Rfc1 axb4 25. axb4 Qb6 26. Kf2 Qxe3+ 27. Kxe3 Nb6 28. Ra5 Bc8 29. Rca1 Rc7 30. Rb5 Nd7 31. Kd2 Kf7 32. Kc3 Ke7 33. Ra8 Kd8 34. Rba5 Nb6 35. R8a7 Rb7 36. h4 Kc7 37. R5a6 Bd7 38. Ra2 Rxa7 39. Rxa7+ Kb8 40. Ra2 Ba4 41. Rxa4 Nxa4+ 42. Kxc4 Kb7 43. g3 Ka6 44. f4 Nb6+ 45. Kc3 Nd7 46. h5 Kb5 47. Kd3 Kxb4 48. Ke3 Kc4 49. g4 h6 50. g5 Kc3 51. f5 hxg5 52. Kf3 Nf6 0-1

[Event "Miquel Mas op-A 18th"]
[Site "Castell de Sant Ferran"]
[Date "2017.08.10"]
[Round "1"]
[White "Guix Torres, David"]
[Black "Munoz Pantoja, Miguel Angel"]
[Result "0-1"]
[WhiteElo "2040"]
[BlackElo "2497"]
[PlyCount "80"]
[EventDate "2017.08.10"]
[EventType "swiss"]
[EventRounds "9"]
[EventCountry "ESP"]
[SourceTitle "CBM 180 Extra"]
[Source "ChessBase"]
[SourceDate "2017.10.06"]
[SourceVersion "1"]
[SourceVersionDate "2017.10.06"]
[SourceQuality "1"]

1. d4 Nf6 2. Nf3 c5 3. e3 g6 4. Be2 Bg7 5. 0-0 0-0 6. b3 cxd4 7. exd4 Nc6 8. Bb2 d5 9. Nbd2 Bf5 10. a3 Ne4 11. Re1 Qb6 12. Nf1 e5 13. c3 Be6 14. Ng3 Rac8 15. Bf1 exd4 16. cxd4 Nxg3 17. hxg3 Bg4 18. Rc1 Bxf3 19. Qxf3 Rcd8 20. Rc5 Bxd4 21. Bxd4 Nxd4 22. Qc3 Ne6 23. Rb5 Qc6 24. Qxc6 bxc6 25. Rb7 Rb8 26. Rxa7 Rxb3 27. Rc1 Rc8 28. Ba6 Rd8 29. Rxc6 Rxa3 30. Rb7 Ra8 31. Rbb6 Ra7 32. Rd6 Kg7 33. Bc8 Nc5 34. Rxd5 Ra1+ 35. Kh2 Ne4 36. Rb2 Rc1 37. Re5 Raa1 38. Kh3 Rxc8 39. Rxe4 Rh1+ 40. Kg4 f5+ 0-1

[Event "Barcelona Sant Marti op-A 19th"]
[Site "Barcelona"]
[Date "2017.07.21"]
[Round "9.55"]
[White "Molano Lafuente, Ismael"]
[Black "Guix Torres, David"]
[Result "1/2-1/2"]
[WhiteElo "2004"]
[BlackElo "2055"]
[PlyCount "42"]
[EventDate "2017.07.13"]
[EventType "swiss"]
[EventRounds "9"]
[EventCountry "ESP"]
[SourceTitle "EXT 2018"]
[Source "ChessBase"]
[SourceDate "2017.10.13"]
[SourceVersion "1"]
[SourceVersionDate "2017.10.13"]
[SourceQuality "1"]

1. e4 c5 2. Na3 g6 3. h4 h5 4. c3 Nf6 5. d3 Nc6 6. Nh3 d5 7. Ng5 Bg7 8. Qe2 e5 9. g3 Bg4 10. f3 Bd7 11. Bg2 dxe4 12. dxe4 0-0 13. 0-0 Qe7 14. Be3 b6 15. Rfd1 Rad8 16. Rd2 Bc8 17. Rad1 Rxd2 18. Rxd2 Rd8 19. Bf1 Nh7 20. Qd1 Nxg5 21. Bxg5 Bf6 1/2-1/2

[Event "Barcelona Sant Marti op-A 18th"]
[Site "Barcelona"]
[Date "2016.07.16"]
[Round "4"]
[White "Guix Torres, David"]
[Black "Dardha, Arben"]
[Result "0-1"]
[WhiteElo "2052"]
[BlackElo "2330"]
[PlyCount "134"]
[EventDate "2016.07.13"]
[EventType "swiss"]
[EventRounds "9"]
[EventCountry "ESP"]
[SourceTitle "CBM 173 Extra"]
[Source "ChessBase"]
[SourceDate "2016.08.29"]
[SourceVersion "1"]
[SourceVersionDate "2016.08.29"]
[SourceQuality "1"]

1. e4 c5 2. Nf3 Nc6 3. Bb5 g6 4. Bxc6 dxc6 5. d3 Bg7 6. h3 Nf6 7. Nc3 Nd7 8. Be3 e5 9. Qd2 h6 10. 0-0 Qe7 11. a3 Nf8 12. b4 Ne6 13. bxc5 f5 14. Qc1 f4 15. Bd2 Nxc5 16. Kh2 g5 17. g3 Qf7 18. Qd1 g4 19. Nh4 f3 20. Be3 Ne6 21. Nf5 Qg6 22. Nxg7+ Qxg7 23. h4 Bd7 24. Qb1 b6 25. Qb4 Qe7 26. Rfb1 h5 27. a4 Kf7 28. Qxe7+ Kxe7 29. Nd1 c5 30. Nb2 Nd4 31. Bxd4 exd4 32. Nc4 Rab8 33. Ne5 Be8 34. Kg1 Rh7 35. Kf1 Kd6 36. Nc4+ Kc7 37. Ke1 Bf7 38. Ne5 Kd6 39. Nxf7+ Rxf7 40. Kd2 Rc7 41. Ra2 Kc6 42. c3 dxc3+ 43. Kxc3 Rd7 44. Re1 Rbd8 45. Re3 Rd4 46. Ra1 Kd6 47. Ra3 Ke5 48. Ra2 c4 49. Rd2 Rc8 50. Kc2 cxd3+ 51. Kb3 Rcd8 52. Ka3 Rxe4 53. Rdxd3 Rxd3+ 54. Rxd3 Re2 55. Rd7 Rxf2 56. Rxa7 Rg2 57. Kb4 Rxg3 58. Rf7 Rg1 59. Kc3 Ra1 60. Kd3 Ra3+ 61. Kd2 Ke4 62. Ke1 Rxa4 63. Rh7 Ke3 64. Re7+ Kf4 65. Rh7 Ra1+ 66. Kd2 f2 67. Rxh5 f1Q 0-1

[Event "Foment Martinenc op-A 18th"]
[Site "Barcelona"]
[Date "2016.06.18"]
[Round "9"]
[White "Delgado Montanes, Jose Antonio"]
[Black "Guix Torres, David"]
[Result "1/2-1/2"]
[WhiteElo "2067"]
[BlackElo "2032"]
[PlyCount "47"]
[EventDate "2016.04.23"]
[EventType "swiss"]
[EventRounds "9"]
[EventCountry "ESP"]
[SourceTitle "EXT 2017"]
[Source "ChessBase"]
[SourceDate "2016.10.25"]
[SourceVersion "1"]
[SourceVersionDate "2016.10.25"]
[SourceQuality "1"]

1. d4 Nf6 2. Nf3 c5 3. d5 b5 4. Bg5 Ne4 5. Bf4 Bb7 6. Qd3 Qa5+ 7. c3 f5 8. Nbd2 Na6 9. Nxe4 fxe4 10. Qxe4 e6 11. e3 Bxd5 12. Qc2 c4 13. Be2 Be7 14. 0-0 Nc5 15. Nd2 0-0 16. Bg3 Qb6 17. e4 Bc6 18. Kh1 Qb7 19. f3 Rad8 20. b3 d5 21. exd5 exd5 22. Rab1 Qd7 23. Rbd1 Qb7 24. Rb1 1/2-1/2